000 00592nam a2200193 a 4500
001 000027317
003 DO-SdBNP
005 20240927073748.0
008 110331s1974 dr 000 0 spa d
040 _aDO-SdBNP
_bspa
_cBNPHU
049 _aBNPD
100 1 _a Balaguer, Joaquín,
_d1906-2002
_976556
245 1 0 _aColón, precursor literario /
_cJoaquín Balaguer.
250 _a2a ed.
260 _aSanto Domingo :
_bEditora Fuentes Impresores,
_c1974.
300 _a150 p. ;
_c22 cm.
500 _aIncluye referencias bibliográficas y notas al pie de las páginas
942 _2ddc
_cLBS1
999 _c26809
_d26809